000 00447nam a2200181Ia 4500
001 18975
005 20260306171710.0
008 260306s9999||||xx |||||||||||||| ||und||
041 _aESP
082 _a658.5752
_bF39
100 _aFernández Concellón, Pedro José,
_eAUT
245 0 _aDiseño de productos mecánicos
260 _c2020
300 _a368 páginas :
_c26 cm.
650 _aGEN
654 _aCAN
942 _cLIB
_dJUS
_fJUS
_2ddc
_n
999 _c18975
_d18975